Polscy Królowie Elekcyjni. - Statystyki

Ogólne statystyki
  • Ten quiz został rozwiązany 155 razy
  • Średni wynik to 9 z 13
Statystyki odpowiedzi
Lata panowania Odpowiedź % Poprawnych
1576-1586 Stefan Batory
91%
1587-1632 Zygmunt III Waza
75%
1764-1795 Stanisław August Poniatowski
74%
1674-1696 Jan III Sobieski
73%
1573-1574 Henryk III Walezy
69%
1669-1673 Michał Korybut Wiśniowiecki
69%
1632-1648 Władysław IV Waza
68%
1697-1706 August II Mocny
60%
1709-1733 August II Mocny
60%
1704-1709 Stanisław Leszczyński
58%
1733-1736 Stanisław Leszczyński
58%
1648-1668 Jan II Kazimierz
53%
1734-1763 August III Saski
41%
Nie znaleziono quizów pasujących do podanych kryteriów
Rozkład punktacji
Procent ludzi z każdym wynikiem
Percentyl według liczby udzielonych odpowiedzi
Twoja historia wyników
Nie rozwiązałeś tego quizu